000
00310nam a2200121Ia 4500
005
20251222144815.0
008
251222s9999||||xx |||||||||||||| ||spa||
082
_a
346.048/G23
100
_a
García Muñoz-Nájar, Luis Alonso
245
0
_a
Propiedad Intelectual:
264
_b
Nathan Associates
942
_c
LIB
999
_c
20273
_d
20273